Most Spoken Languages in Colorado - Statistics

General Stats
  • This quiz has been taken 134 times
  • The average score is 13 of 18
Answer Stats
# Speakers Language % Correct
542,016 Spanish
100%
18,402 Chinese
95%
16,352 French
94%
28,347 German
94%
4,163 Hindi
86%
2,592 Portuguese
86%
13,090 Russian
85%
5,544 Italian
84%
7,827 Arabic
83%
5,994 Japanese
83%
15,596 Korean
82%
4,620 Polish
76%
6,960 Tagalog
67%
18,731 Vietnamese
65%
3,494 Persian
50%
2,647 Navajo
43%
3,164 Hmong
19%
5,495 Amharic
18%
No matching quizzes found
Score Distribution
Percent of People with Each Score
Percentile by Number Answered
Your Score History
You have not taken this quiz